| 000 | 00439nam a22001697a 4500 | ||
|---|---|---|---|
| 003 | NUST - PNEC | ||
| 005 | 20170116180848.0 | ||
| 008 | 150824b xxu||||| |||| 00| 0 eng d | ||
| 020 | _a8178884828 | ||
| 040 | _cLIBRARY | ||
| 082 | _a572.80 KUP | ||
| 100 |
_95548 _aKuppuswary, C. |
||
| 245 |
_aBioinformatics Algorithms _cC. Kuppuswamy |
||
| 260 | _cc.2007 | ||
| 650 |
_95559 _aBioinformatics / Algorithms _xME / IME |
||
| 942 |
_2ddc _cBK |
||
| 999 |
_c64521 _d64521 |
||